Good economics for hard times / (Record no. 586321)
[ view plain ]
| 000 -LEADER | |
|---|---|
| fixed length control field | 02243cam a2200325 i 4500 |
| 020 ## - INTERNATIONAL STANDARD BOOK NUMBER | |
| International Standard Book Number | 9781610399500 |
| Qualifying information | (hardcover) |
| 020 ## - INTERNATIONAL STANDARD BOOK NUMBER | |
| International Standard Book Number | 1610399501 |
| Qualifying information | (hardcover) |
| 082 04 - DEWEY DECIMAL CLASSIFICATION NUMBER | |
| Classification number | 330.9 |
| 100 1# - MAIN ENTRY--PERSONAL NAME | |
| Personal name | Banerjee, Abhijit V., |
| Dates associated with a name | 1961- |
| Relator term | author. |
| 245 10 - TITLE STATEMENT | |
| Title | Good economics for hard times / |
| Statement of responsibility, etc. | Abhijit V. Banerjee & Esther Duflo. |
| 250 ## - EDITION STATEMENT | |
| Edition statement | First edition. |
| 260 ## - PUBLICATION, DISTRIBUTION, ETC. | |
| Place of publication, distribution, etc. | UK |
| Name of publisher, distributor, etc. | Penguin Books |
| Date of publication, distribution, etc. | 2020 |
| 300 ## - PHYSICAL DESCRIPTION | |
| Extent | x, 403 pages : |
| Other physical details | illustrations ; |
| Dimensions | 25 cm |
| 504 ## - BIBLIOGRAPHY, ETC. NOTE | |
| Bibliography, etc. note | Includes bibliographical references (pages 327-383) and index. |
| 650 #0 - SUBJECT ADDED ENTRY--TOPICAL TERM | |
| Topical term or geographic name entry element | Economics. |
| 650 #0 - SUBJECT ADDED ENTRY--TOPICAL TERM | |
| Topical term or geographic name entry element | Economic history |
| 650 #0 - SUBJECT ADDED ENTRY--TOPICAL TERM | |
| Topical term or geographic name entry element | Globalization. |
| 650 #7 - SUBJECT ADDED ENTRY--TOPICAL TERM | |
| Topical term or geographic name entry element | BUSINESS & ECONOMICS / Economics / Macroeconomics. |
| 650 #7 - SUBJECT ADDED ENTRY--TOPICAL TERM | |
| Topical term or geographic name entry element | POLITICAL SCIENCE / Public Policy / Economic Policy. |
| 650 #7 - SUBJECT ADDED ENTRY--TOPICAL TERM | |
| Topical term or geographic name entry element | SOCIAL SCIENCE / Social Classes & Economic Disparity. |
| 650 #7 - SUBJECT ADDED ENTRY--TOPICAL TERM | |
| Topical term or geographic name entry element | Economics. |
| 650 #7 - SUBJECT ADDED ENTRY--TOPICAL TERM | |
| Topical term or geographic name entry element | Globalization. |
| 700 1# - ADDED ENTRY--PERSONAL NAME | |
| Personal name | Duflo, Esther, |
| Dates associated with a name | 1972- |
| 942 ## - ADDED ENTRY ELEMENTS (KOHA) | |
| Source of classification or shelving scheme | |
| Koha item type | Book |
| 650 #0 - SUBJECT ADDED ENTRY--TOPICAL TERM | |
| -- | 1437 |
| 650 #0 - SUBJECT ADDED ENTRY--TOPICAL TERM | |
| -- | 12772 |
| 650 #0 - SUBJECT ADDED ENTRY--TOPICAL TERM | |
| -- | 7773 |
| 650 #7 - SUBJECT ADDED ENTRY--TOPICAL TERM | |
| -- | 18155 |
| 650 #7 - SUBJECT ADDED ENTRY--TOPICAL TERM | |
| -- | 18157 |
| 650 #7 - SUBJECT ADDED ENTRY--TOPICAL TERM | |
| -- | 81960 |
| 650 #7 - SUBJECT ADDED ENTRY--TOPICAL TERM | |
| -- | 1437 |
| 650 #7 - SUBJECT ADDED ENTRY--TOPICAL TERM | |
| -- | 7773 |
| 700 1# - ADDED ENTRY--PERSONAL NAME | |
| -- | 81961 |
| Withdrawn status | Lost status | Source of classification or shelving scheme | Damaged status | Not for loan | Permanent Location | Current Location | Date acquired | Source of acquisition | Total Checkouts | Total Renewals | Full call number | Barcode | Date last seen | Date last checked out | Price effective from | Koha item type |
|---|---|---|---|---|---|---|---|---|---|---|---|---|---|---|---|---|
| Central Library (CL) | Central Library (CL) | 08/31/2021 | Golden Books | 3 | 8 | 330.9 BAN | CL-623 | 05/21/2025 | 12/27/2024 | 08/31/2021 | Book |
